Online Catalogue and eLibrary

The sociology of religious movements (Record no. 1376)

MARC details
000 -LEADER
fixed length control field 00444nam a2200181Ia 4500
005 - DATE AND TIME OF LATEST TRANSACTION
control field 20240719045207.0
008 - FIXED-LENGTH DATA ELEMENTS--GENERAL INFORMATION
fixed length control field 240331s9999 xx 000 0 und d
020 ## - INTERNATIONAL STANDARD BOOK NUMBER
ISBN 0415912024
082 ## - DDC Classification
Item Number - Author Mark BAI
Class No. 291
100 ## - MAIN ENTRY--PERSONAL NAME
Personal name Bainbridge, W.S
245 #4 - TITLE STATEMENT
Title The sociology of religious movements
260 ## - PUBLICATION, DISTRIBUTION, ETC.
Place of publication, distribution, etc. New York
Name of publisher, distributor, etc. Routledge
Date of publication, distribution, etc. 1997
300 ## - PHYSICAL DESCRIPTION
Extent (e.g. Volumes, Pages etc.) vi, 474 p .,
650 ## - SUBJECT ADDED ENTRY--TOPICAL TERM
Topical term or geographic name entry element Sociology
650 ## - SUBJECT ADDED ENTRY--TOPICAL TERM
Topical term or geographic name entry element Religion
650 ## - SUBJECT ADDED ENTRY--TOPICAL TERM
Topical term or geographic name entry element Socio- Cultural
942 ## - Koha item type (Biblio)
Koha item type Books in Stacks (Lending)
Holdings
Lost status Damaged status Collection code Home library Current library Shelving location Date acquired Full call number Accession Number Item type
    Lending WERC Library WERC Library Social Science Cupboard 03/31/2024 291 BAI 2802 Books in Stacks (Lending)

© WERC Library